Routledge history of philosophy (Record no. 390)

000 -LEADER
fixed length control field 05770nam a22013697a 4500
001 - CONTROL NUMBER
control field 1565408
003 - CONTROL NUMBER IDENTIFIER
control field LIBRIS
005 - DATE AND TIME OF LATEST TRANSACTION
control field 20241030085325.0
008 - FIXED-LENGTH DATA ELEMENTS--GENERAL INFORMATION
fixed length control field 011211s1994 xxk|||||||||||001 0|eng|c
020 ## - INTERNATIONAL STANDARD BOOK NUMBER
International Standard Book Number 0415060036
Qualifying information inb.
020 ## - INTERNATIONAL STANDARD BOOK NUMBER
International Standard Book Number 0415308798
Qualifying information hft.
040 ## - CATALOGING SOURCE
Original cataloging agency Li
Language of cataloging eng
Transcribing agency DLC
041 ## - LANGUAGE CODE
Language code of text/sound track or separate title eng
080 ## - UNIVERSAL DECIMAL CLASSIFICATION NUMBER
Universal Decimal Classification number 1 (09)
Item number N-67
082 04 - DEWEY DECIMAL CLASSIFICATION NUMBER
Classification number 190.9
Edition number 20
082 04 - DEWEY DECIMAL CLASSIFICATION NUMBER
Classification number 190.9
Edition number 20
084 ## - OTHER CLASSIFICATION NUMBER
Classification number Db
Number source kssb/6
084 ## - OTHER CLASSIFICATION NUMBER
Classification number Dbc.46
Number source kssb/6
084 ## - OTHER CLASSIFICATION NUMBER
Classification number Dbc-ga.46
Number source kssb/6
084 ## - OTHER CLASSIFICATION NUMBER
Classification number Db
Number source kssb/6
084 ## - OTHER CLASSIFICATION NUMBER
Classification number Db
Number source kssb/6
084 ## - OTHER CLASSIFICATION NUMBER
Classification number Dbc.46
Number source kssb/6
084 ## - OTHER CLASSIFICATION NUMBER
Classification number Dbc-ga.46
Number source kssb/6
084 ## - OTHER CLASSIFICATION NUMBER
Classification number Db
Number source kssb/6
084 ## - OTHER CLASSIFICATION NUMBER
Classification number Dbc.46
Number source kssb/6
084 ## - OTHER CLASSIFICATION NUMBER
Classification number Dbc-ga.46
Number source kssb/6
084 ## - OTHER CLASSIFICATION NUMBER
Classification number Db
Number source kssb/6
084 ## - OTHER CLASSIFICATION NUMBER
Classification number Dbc.46
Number source kssb/6
084 ## - OTHER CLASSIFICATION NUMBER
Classification number Db
Number source kssb/6
084 ## - OTHER CLASSIFICATION NUMBER
Classification number Dbc.46
Number source kssb/6
084 ## - OTHER CLASSIFICATION NUMBER
Classification number Dbc-ga.46
Number source kssb/6
084 ## - OTHER CLASSIFICATION NUMBER
Classification number Db
Number source kssb/6
084 ## - OTHER CLASSIFICATION NUMBER
Classification number Db
Number source kssb/6
100 ## - MAIN ENTRY--PERSONAL NAME
9 (RLIN) 283
Personal name Ten, L., C.
Relator term Editor
245 10 - TITLE STATEMENT
Title Routledge history of philosophy
Number of part/section of a work Vol. 7
Name of part/section of a work The nineteenth century /
Statement of responsibility, etc. edited by C.L. Ten.
260 ## - PUBLICATION, DISTRIBUTION, ETC.
Place of publication, distribution, etc. London :
Name of publisher, distributor, etc. Routledge,
Date of publication, distribution, etc. 1994
300 ## - PHYSICAL DESCRIPTION
Extent xxv, 466 s.
365 ## - TRADE PRICE
Price amount 19.34 usd
650 #7 - SUBJECT ADDED ENTRY--TOPICAL TERM
Topical term or geographic name entry element Filosofi
Chronological subdivision 1800-talet
Source of heading or term sao
650 #7 - SUBJECT ADDED ENTRY--TOPICAL TERM
Topical term or geographic name entry element Filosofi
Geographic subdivision F�renta staterna
Chronological subdivision 1800-talet
Source of heading or term sao
650 #7 - SUBJECT ADDED ENTRY--TOPICAL TERM
Topical term or geographic name entry element Philosophy, European
Source of heading or term BNB
650 #7 - SUBJECT ADDED ENTRY--TOPICAL TERM
Topical term or geographic name entry element Philosophy, Modern
Chronological subdivision 19th century
Source of heading or term BNB
650 #7 - SUBJECT ADDED ENTRY--TOPICAL TERM
Topical term or geographic name entry element Philosophy, American
Chronological subdivision 19th century
Source of heading or term BNB
650 #7 - SUBJECT ADDED ENTRY--TOPICAL TERM
Topical term or geographic name entry element Philosophy
Chronological subdivision History
Source of heading or term BNB
650 #4 - SUBJECT ADDED ENTRY--TOPICAL TERM
Topical term or geographic name entry element Filosofi
General subdivision Historia
650 #4 - SUBJECT ADDED ENTRY--TOPICAL TERM
Topical term or geographic name entry element Filosofi
General subdivision Historia
650 #4 - SUBJECT ADDED ENTRY--TOPICAL TERM
Topical term or geographic name entry element Filosofi
Chronological subdivision 1800-talet
650 #4 - SUBJECT ADDED ENTRY--TOPICAL TERM
Topical term or geographic name entry element Filosofi
Geographic subdivision F�renta staterna
Chronological subdivision 1800-talet
653 ## - INDEX TERM--UNCONTROLLED
Uncontrolled term ფილოსოფია
653 ## - INDEX TERM--UNCONTROLLED
Uncontrolled term ფილოსოფიის ისტორია
700 1# - ADDED ENTRY--PERSONAL NAME
Personal name Shanker, Stuart G.
Relationship oth
700 1# - ADDED ENTRY--PERSONAL NAME
Personal name Parkinson, George Henry Radcliffe
Relationship oth
Authority record control number or standard number https://libris.kb.se/vs685f7d17b6s3g#it
700 1# - ADDED ENTRY--PERSONAL NAME
Personal name Ten, C. L.
Relationship oth
740 4# - ADDED ENTRY--UNCONTROLLED RELATED/ANALYTICAL TITLE
Uncontrolled related/analytical title The nineteenth century
772 00 - SUPPLEMENT PARENT ENTRY
Title Routledge history of philosophy [edited by G. H. R. Parkinson and S. G. Shanker]
Place, publisher, and date of publication London : Routledge, 1993-1999
Record control number 9916305048
887 ## - NON-MARC INFORMATION FIELD
Content of non-MARC field {"@id":"xf7vt7l8019jn6z","modified":"2018-10-30T23:00:00+01:00","checksum":"331092672373"}
Source of data librisxl
887 ## - NON-MARC INFORMATION FIELD
Content of non-MARC field {"@id":"9fl1xz5g4wf7rfp","modified":"2018-06-05T14:53:09.223+02:00","checksum":"177073952888"}
Source of data librisxl
887 ## - NON-MARC INFORMATION FIELD
Content of non-MARC field {"@id":"bgm2z06h3q6nmw3","modified":"2017-02-15T10:09:39+01:00","checksum":"183916340363"}
Source of data librisxl
887 ## - NON-MARC INFORMATION FIELD
Content of non-MARC field {"@id":"chn3017j1c2nwr5","modified":"2018-06-05T14:53:09.236+02:00","checksum":"171902281562"}
Source of data librisxl
887 ## - NON-MARC INFORMATION FIELD
Content of non-MARC field {"@id":"djp4128k1qsvm53","modified":"2020-10-14T09:13:40.563+02:00","checksum":"174266048919"}
Source of data librisxl
887 ## - NON-MARC INFORMATION FIELD
Content of non-MARC field {"@id":"glr634bm3x6r0lg","modified":"2012-05-28T13:43:44+02:00","checksum":"182803815663"}
Source of data librisxl
887 ## - NON-MARC INFORMATION FIELD
Content of non-MARC field {"@id":"fkq5239l521kn5q","modified":"2014-12-09T12:34:37+01:00","checksum":"183023627977"}
Source of data librisxl
887 ## - NON-MARC INFORMATION FIELD
Content of non-MARC field {"@id":"z390j1x42n950vr","modified":"2014-08-29T14:18:13+02:00","checksum":"222125201166"}
Source of data librisxl
887 ## - NON-MARC INFORMATION FIELD
Content of non-MARC field {"@id":"8dlh9m6f425gt0b","modified":"2018-01-08T09:42:55+01:00","checksum":"232100971888"}
Source of data librisxl
887 ## - NON-MARC INFORMATION FIELD
Content of non-MARC field {"@id":"hms745cn4nszkkz","modified":"2015-06-09T11:19:18+02:00","checksum":"178939400564"}
Source of data librisxl
887 ## - NON-MARC INFORMATION FIELD
Content of non-MARC field {"@id":"jnt856dp4bgbvlf","modified":"2018-06-05T14:53:09.258+02:00","checksum":"193484542948"}
Source of data librisxl
887 ## - NON-MARC INFORMATION FIELD
Content of non-MARC field {"@id":"kpv967fq0v66hqw","modified":"2018-06-05T14:53:09.264+02:00","checksum":"187697007538"}
Source of data librisxl
887 ## - NON-MARC INFORMATION FIELD
Content of non-MARC field {"@id":"7clg8wbd1q5l6bs","modified":"2015-12-09T11:31:59+01:00","checksum":"236772496257"}
Source of data librisxl
887 ## - NON-MARC INFORMATION FIELD
Content of non-MARC field {"@id":"lqwb78gr1w81drm","modified":"2018-06-05T14:53:09.268+02:00","checksum":"184768540452"}
Source of data librisxl
887 ## - NON-MARC INFORMATION FIELD
Content of non-MARC field {"@id":"rw2txxhx3k3xmm0","modified":"2015-03-13T09:25:26+01:00","checksum":"209387532488"}
Source of data librisxl
900 1s - EQUIVALENCE OR CROSS-REFERENCE-PERSONAL NAME [LOCAL, CANADA]
Linkage 700
Affiliation Parkinson, George Henry Radcliffe
942 ## - ADDED ENTRY ELEMENTS (KOHA)
Source of classification or shelving scheme
Koha item type Books
Holdings
Withdrawn status Lost status Source of classification or shelving scheme Damaged status Not for loan Permanent location Current location Date acquired Inventory number Total Checkouts Full call number Barcode Date last seen Price effective from Koha item type
          Ken Walker International University Ken Walker International University 11/24/2020 2058   1 (09) N-67 2058 11/24/2020 11/24/2020 Books
          Ken Walker International University Ken Walker International University 11/24/2020 1072   1 (09) N-67 1072 11/24/2020 11/24/2020 Books

Powered by Koha